| 000 | 01076nam a22002297a 4500 | ||
|---|---|---|---|
| 005 | 20220711165137.0 | ||
| 008 | 220711b ||||| |||| 00| 0 eng d | ||
| 040 | _cAloy | ||
| 041 | _aeng | ||
| 082 |
_223 _a954.92 _bMUHB |
||
| 100 |
_aM Muhaddes _948125 |
||
| 245 |
_aBangladesh: _bThe mosaic in green |
||
| 260 |
_aBangladesh: _bMinistry of Information, _c1995 |
||
| 300 |
_a159p. _bHB _c24x27cm. |
||
| 365 | _2History | ||
| 520 | _aThis beautifully presented book is a pictographic representation of Bangladesh, its valiant people with a sense of history and faith in destiny, its rich and varied flora and fauna, verdant fields, meandering rivers, the vast blue expanse of the Bay of Bengal with its immense resources, enchanting hills, bright economic potential, ancient and variegated religious and cultural traditions - which together make it a colourful tapestry of nature's splendour and bounties. | ||
| 650 |
_aIndian History _948108 |
||
| 650 |
_aHistory _948109 |
||
| 700 |
_aMUHADDES (M) Ed _948110 |
||
| 700 |
_aMAMOON (Mansoor) _948111 |
||
| 942 |
_2ddc _cGF |
||
| 999 |
_c223690 _d223690 |
||